000 00409nam a2200157Ia 4500
008 240729s9999 xx 000 0 und d
022 _a2158-2025
245 0 _aTrans-Asia Photography
260 _aUnited States
260 _bDuke University Press
650 _a Visual arts
650 _aFine Arts
856 _uhttps://doaj.org/toc/4c4ac7353c2e4d48b211fc003a3c6772
942 _2ddc
942 _cDOAJEJ
999 _c72750
_d72750
945 _a1
_bMadushi Gamage
_c1
_dMadushi Gamage